000 00747nam a2200229 i 4500
001 97112
003 ES-MaACL
005 20250827075021.0
007 t|
008 050706s1962 sp ||||1| spa d
245 0 0 _aManual Hütte del ingeniero /
_cedición traducida por Rafael Hernández; con la colaboración de Manuel Company.
250 _a2ª ed.
260 _aBarcelona :
_bGustavo Gili,
_c1962.
300 _a2 v. :
_bil. ;
_c19 cm.
500 _aTomo 1 y 3.
650 0 7 _aIngeniería
_2embne
_913767
700 1 _aHernández, Rafael.
_962856
700 0 _aCompany, Manuel.
_940038
710 0 _aHütte Gesellschaft für Technische Informationen (Berlin)
_94628
852 _aES-MaACL
_jE-4217-8
_bR.50125
999 _c97112
_d97112